LEADER 00947nam0-22002771i-450- 001 990001845790403321 005 20060411165435.0 035 $a000184579 035 $aFED01000184579 035 $a(Aleph)000184579FED01 035 $a000184579 100 $a20030910d1924----km-y0itay50------ba 101 0 $afre 200 1 $aProduction et consommation des engrais chimiques dans le monde$fInstitut International d'Agriculture. Bureau des renseignements agricoles et des maladies des plantes 210 $aRoma$cInstitut international d'agriculture$d1924 215 $a266 p., 98 tav.$d24 cm 610 0 $aConcimi chimici 676 $a631.8 710 02$aIstituto internazionale di agricoltura$071444 801 0$aIT$bUNINA$gRICA$2UNIMARC 901 $aBK 912 $a990001845790403321 952 $a60 MISC. B 60/1$fFAGBC 959 $aFAGBC 996 $aProduction et consommation des engrais chimiques dans le monde$9415252 997 $aUNINA